000 00916nam2a22002411 4500
001 RU\NLR\INFOCOMM6\1000507569
005 20250617012741.0
035 _a(NLR Aleph) 002343773
090 _a4490954
_c4490954
100 _a20041105d1917 |||y0rusy50 ca
101 0 _arus
102 _aRU
105 _ay |||||||||
200 1 _a(... с 25 марта 1916 г. по 25 марта 1917 г.)
210 _d1917
_aБ. м.
461 0 _1001RU\NLR\INFOCOMM6\1000507560
_12001#$aТруды Совета мелиоративных съездов в России$v№10
_94490936
_aСовет мелиоративных съездов в России
_cСПб.
_d1914-1915
_tТруды Совета мелиоративных съездов в России
_v№10
801 1 _aRU
_bInfoComm
_c20041105
801 0 _aRU
_bNLR
_gPSBO
852 _aNLR
_j3/3575н
942 _cISSUE
980 _aNB
980 _aRUSPER